00923nam a2200265 a 450000100060000000300080000600500170001400800410003102000240007203500190009604000320011504100080014708200260015510000290018124501050021026000350031530000390035050000200038965000330040965000340044270000300047694200120050699900170051895201220053565931BD-RjUL20211209081501.0170313s1989 ilua 001 0 eng  z0256066266 (pbk.) : a(BD-RjUL)66061 aDLCcDLCdDLCdBD-RjULbeng aeng00223a005.369bKAL 19891 aKaruppan, Muthu.919497110aLearning Smart :ba complete guide to Smart integrated software /cMuthu Karuppan, Robert P. Marble. aHomewood, IL :bIrwin,cc1989. ax, 476, 65, 9 p. :bill. ;c28 cm. aIncludes index. 0aIntegrated software.9194972 0aSmart (Computer file)91949731 aMarble, Robert P.9194974 2ddccBK c65931d65931 00102ddc40718NFICaRUCLbRUCLcReadingd1993-12-04l0o005.369 KAL 1989r2017-03-13 00:00:00tC-1w2017-03-13yBK